000 005030000a22002050004500
003 LK-CoMWRAF
005 20231114190348.0
008 230817t ||||| |||| 00| 0 eng d
020 _a0006499597
040 _aLK-CoMWRAF
_dLK-CoMWRAF
_eLK-CoMWRAF
041 _aeng
082 _a823
_bCHR
100 _aChristie, Agatha
245 _aMiss marple omnibus
260 _aLondon :
_bHarperCollins publishers,
_c1997
300 _a717p
490 _aVolume I
650 _aShort stories
942 _cBK
999 _c2441
_d2441